GenAI ve světe marketingu: budování udržitelné konkurenční výhody v digitálním věku

V rýchlo sa rozvíjajúcom digitálnom svete sa generatívna umelá inteligencia (GenAI) stáva kľúčovým nástrojom pre obchodný úspech. Je zrejmé, že spoločnosti musia rýchlo začleniť AI do svojich inovačných stratégií, aby zostali relevantné. Táto integrácia zahŕňa nielen prijatie moderných technológií,...

Ausführliche Beschreibung

Gespeichert in:
Bibliographische Detailangaben
1. Verfasser: Jílková, Petra
Format: Buchkapitel
Sprache:Tschechisch
Schlagworte:
Tags: Tag hinzufügen
Keine Tags, Fügen Sie das erste Tag hinzu!

MARC

LEADER 00000naa a2200000 4500
001 0303044
005 20240710100449.4
041 0 |a cze 
044 |a CZ 
245 1 0 |a GenAI ve světe marketingu: budování udržitelné konkurenční výhody v digitálním věku  |c Petra Jílková 
520 |a V rýchlo sa rozvíjajúcom digitálnom svete sa generatívna umelá inteligencia (GenAI) stáva kľúčovým nástrojom pre obchodný úspech. Je zrejmé, že spoločnosti musia rýchlo začleniť AI do svojich inovačných stratégií, aby zostali relevantné. Táto integrácia zahŕňa nielen prijatie moderných technológií, ale vyžaduje si aj vytvorenie kultúry neustáleho učenia sa a adaptácie v rámci organizácie. GenAI je neoddeliteľnou súčasťou transformácie marketingových stratégií a zvyšovania konkurenčnej výhody prostredníctvom inovatívnych zákazníckych skúseností a prevádzkovej efektivity. 
610 2 0 |a výhody konkurenčné 
610 2 0 |a inteligencia umelá 
610 2 0 |a inovácia 
610 2 0 |a marketing strategický 
100 1 |a Jílková, Petra